| 000 | 04117cam a22007214i 4500 | ||
|---|---|---|---|
| 003 | PE-LiUPU | ||
| 005 | 20250731170436.0 | ||
| 008 | 150625s1984 mx r 000 0 spa d | ||
| 035 | _a(Sirsi) a31637 | ||
| 040 |
_aPE-LiUPU _bspa _cPE-LiUPU _dPE-LiUPU _erda |
||
| 049 | _aPRUA | ||
| 082 | 0 | 4 |
_a155.2 _bB12 _221 |
| 100 | 1 |
_aBee, Helen L., _eautor. |
|
| 245 | 1 | 3 |
_aEl desarrollo de la personalidad / _cHelen L. Bee. |
| 264 | 1 |
_aMéxico : _bHarla, _c1984. |
|
| 300 | _a | ||
| 336 |
_atext _2rdacontent |
||
| 337 |
_aunmediated _2rdamedia |
||
| 338 |
_avolume _2rdacarrier |
||
| 505 | 0 | _aEl desarrollo del niño: El proceso del desarrollo, Los inicios:desarrollo prenatal , nacimiento y primera infancia, Desarrollo físico y perceptual, La inteligencia en los niños: capacidad, estructura y estilo, El desarrollo del lenguaje en los niños, El ser y la personalidad en la niñez, Las relaciones sociales en los niños, El desarrollo del niño, El desarrollo fisico durante la adolescencia y la juventud, El ser y las relaciones con los demas en la adolescencia y la juventud, El desarrollo del adolescente y del joven. - Desarrollo del adulto: El crecimiento y la salud en los addultos, Desarrollo y cambio en la inteligencia, El ser y la personalidad en la edad adulta, Vinculaciones en la edad adulta, El desarrollo del adulto y una perspectiva de todo el ciclo de la vida. | |
| 526 | _aSEG68 | ||
| 526 | _aSEG70 | ||
| 526 | _aSEG69 | ||
| 526 | _aSEG67 | ||
| 526 | _aSEG43 | ||
| 526 | _aP144 | ||
| 526 | _aP143 | ||
| 526 | _aP131 | ||
| 526 | _aP122 | ||
| 526 | _aP120 | ||
| 526 | _aP117 | ||
| 526 | _aP112 | ||
| 526 | _aP110 | ||
| 526 | _aP106 | ||
| 526 | _aP101 | ||
| 526 | _aP80 | ||
| 526 | _aP59 | ||
| 526 | _aP54 | ||
| 526 | _aP35 | ||
| 526 | _aP33 | ||
| 526 | _aP30 | ||
| 942 |
_2ddc _cBOOK |
||
| 949 |
_a155.2 B12 _wDEWEY _c1 _i33238 _lCCODEBUL1 _mBUL _p00.00 _r0 _sY _tBOOK _u2015-06-25 _xBIBLIOTECA _zUNKNOWN _0COMPRA _o.STAFF. Colección Ciencias de la Salud |
||
| 949 |
_a155.2 B12 _wDEWEY _c2 _i33237 _lCCODEBUL1 _mBUL _p00.00 _r0 _sY _tBOOK _u2015-06-25 _xBIBLIOTECA _zUNKNOWN _0COMPRA _o.STAFF. Colección Ciencias de la Salud |
||
| 949 |
_a155.2 B12 _wDEWEY _c3 _i33239 _lCCODEBUL1 _mBUL _p00.00 _r0 _sY _tBOOK _u2015-06-25 _xBIBLIOTECA _zUNKNOWN _0COMPRA _o.STAFF. Colección General |
||
| 949 |
_a155.2 B12 _wDEWEY _c4 _i33234 _lCCODEBUL1 _mBUL _p00.00 _r0 _sY _tBOOK _u2015-06-25 _xBIBLIOTECA _zUNKNOWN _0COMPRA _o.STAFF. Colección Ciencias de la Salud |
||
| 949 |
_a155.2 B12 _wDEWEY _c5 _i33235 _lCCODEBUL1 _mBUL _p00.00 _r0 _sY _tBOOK _u2015-06-25 _xBIBLIOTECA _zUNKNOWN _0COMPRA _o.STAFF. Colección Ciencias de la Salud |
||
| 949 |
_a155.2 B12 _wDEWEY _c6 _i33236 _lCCODEBUL1 _mBUL _p00.00 _r0 _sY _tBOOK _u2015-06-25 _xBIBLIOTECA _zUNKNOWN _0COMPRA _o.STAFF. Colección Ciencias de la Salud |
||
| 994 |
_aC0 _bPEPRU |
||
| 596 | _a1 | ||
| 999 |
_a155.2 B12 _wDEWEY _c39207 _i33238 _d39207 _e2018-9-12 _f2021-11-3 _g5 _lCCODEBUL1 _mBUL _n7 _q4 _r0 _sY _tBOOK _u2015-6-25 _xSALUD _zUNKNOWN _0COMPRA _o.STAFF. Colección General |
||
| 999 |
_a155.2 B12 _wDEWEY _c2 _i33237 _f2021-11-3 _g5 _lCCODEBUL1 _mBUL _r0 _sY _tBOOK _u2015-6-25 _xSALUD _zUNKNOWN _0COMPRA _o.STAFF. Colección General |
||
| 999 |
_a155.2 B12 _wDEWEY _c3 _i33239 _d2016-10-31 _e2016-10-27 _f2019-12-10 _g4 _lDISCARD _mBUL _n3 _r0 _sY _tBOOK _u2015-6-25 _xSALUD _zUNKNOWN _0COMPRA _o.STAFF. Colección General |
||
| 999 |
_a155.2 B12 _wDEWEY _c4 _i33234 _d2018-5-9 _e2018-5-9 _f2021-11-3 _g5 _lCCODEBUL1 _mBUL _n5 _r0 _sY _tBOOK _u2015-6-25 _xSALUD _zUNKNOWN _0COMPRA _o.STAFF. Colección General |
||
| 999 |
_a155.2 B12 _wDEWEY _c5 _i33235 _d2018-5-10 _e2016-5-13 _f2021-11-3 _g5 _lCCODEBUL1 _mBUL _n1 _q1 _r0 _sY _tBOOK _u2015-6-25 _xSALUD _zUNKNOWN _0COMPRA _o.STAFF. Colección General |
||
| 999 |
_a155.2 B12 _wDEWEY _c6 _i33236 _d2017-11-2 _e2017-10-25 _f2021-11-3 _g5 _lCCODEBUL1 _mBUL _n4 _r0 _sY _tBOOK _u2015-6-25 _xSALUD _zUNKNOWN _0COMPRA _o.STAFF. Colección General |
||
| 980 |
_81 _gALBERTO SANCHEZ Responsable de Automatización |
||